00698nam a22002297a 4500003000400000005001700004008004100021010001300062020002300075035002300098037001600121040001500137082001500152100002100167245006200188260004300250270006400293300003400357500002000391650002600411650003100437dpl20180814122853.0180814b xxu||||| |||| 00| 0 eng d aB-223924 c400.00a8180900797 aB-223924, B-223927 bCen Lib/Ret aDPLbENc0 a181.4bDAY aDayanand, Swami  aThe philosophy of religion in india /cby Swami Dayanand  aDelhi bBhartiya Kala Prakashan c1924 bDelhi a3421-A, 2nd floor narang colony, tri nagar e110035 axxiii, 243p.;c21cm(Hb)bill. aIncludes index  z aIndian philosophy  aReligious aspects zIndia